000 01226nam0a2200289 4500
001 RU\NLR\bibl\434819
005 20260407093429.0
035 _a(NLR Aleph) 000428633
090 _a740416
_c740416
100 _a20030910d1959 |||y0rusy50 ca
101 0 _arus
102 _aRU
105 _ay |||||||||
200 1 _aПо дорогам и тропам Ленинградской области
_e(Крат. список лит.)
_fЛенинград. обл. б-ка. Науч.-метод. и библиогр. отд.
_g[Сост.: А.Н. Ермолаева]
210 _aЛ.
_cБ.и.
_d1959
215 _a8 с.
_d13
320 _aБиблиогр. в подстроч. примеч.
606 0 _aТуристские маршруты
_jБиблиография
_yЛенинградская область
_92303710
_3RU\NLR\auth\661379073
686 _aЧ518.115(2Р-4Ле)
702 1 _aЕрмолаева
_bА. Н.
_4220
712 0 2 _4570
_aЛенинградская областная библиотека
_3RU\NLR\AUTH\889917137
_9330443
801 0 _aRU
_bNLR
_c20030910
_gPSBO
801 1 _aRU
_bNLR
_c20030910
942 _cBOOK
980 _aNB